LEADER 00453nab a2200145 i 4500 001 000000273738 003 CaOOAMICUS 005 20180831164942.0 008 180831n xx uu u0 0und r 013 $a22143 040 $aSeMil$bita 245 10$a[vedi periodico]. 500 $a2010/1. 773 0 $t2010 : [1].$dCittà del Vaticano : Lateran University Press, copyr. 2010.$z978-88-465-0705-1$w()192367 996 $6245$a[vedi periodico]$9(OLS)http://semarc/title/309439 LEADER 00905nam a2200193 i 4500 001 000000073589 003 CaOOAMICUS 005 20131016000000.0 008 131016s1850 xx u000 u fre u 013 $a44761 040 $aSeMil$bita 100 1 $aAhrens, Heinrich,$d<1808-1874>.$0(OLS)http://semarc/name/13280 245 10$aCours de droit naturel ou de philosophie du droit fait d'apres l'etat actuel de cette science en Allemagne /$cpar H. Ahrens. 260 $aBruxelles :$bSociété typographique belge,$c1850. 300 $a539 p. ;$c18 cm. 850 $aSeMil 852 $aSeMil$W1$xVenegono$y1$m2R I 14 FA$j39741$B39741$CSeMilBibl$Z2$F39745 $8I 996 $6245$aCours de droit naturel ou de philosophie du droit fait d'apres l'etat actuel de cette science en Allemagne$9(OLS)http://semarc/title/118825 996 $6260$aBruxelles :$bSociété typographique belge$9(OLS)http://semarc/publisher/31313